Faroe Islands Trivia - Statistics

General Stats
  • This quiz has been taken 498 times
  • The average score is 12 of 16
Answer Stats
Hint Answer % Correct
Faroe Islands is an autonomous territory of this country Denmark
99%
Official languages Danish
96%
Faroe Islands were occupied by this country in 1940 United Kingdom
90%
Official languages Faroese
89%
Country which controlled Faroe Islands until 1814 Norway
89%
Faroe Islands allows people to hunt these animals, along with countries like Iceland and Japan Whales
84%
Currency used in Faroe Islands Faroese króna
80%
What are Streymoy and Eysturoy? Islands
79%
Capital of Faroe Islands Tórshavn
79%
KOKS is a restaurant that has won two of these {Michelin} stars
76%
This ocean current keeps the islands "warm" {Gulf} stream
73%
Monks from this country are thought to be the first people to settle in the islands Ireland
71%
The Faroese Althing is sometimes said to be the _____ parliament in the world Oldest
71%
Faroese delicacy skerpikjøt is made with the meat of this animal Sheep
61%
Faroe Islands has the most _____ laureates in the world per capita(despite only ever having one laureate) Nobel
59%
Despite a 169-place difference in the FIFA World Rankings, the nationalfootball team of the Faroe Islands managed to beat this nation in 2016 Greece
32%
No matching quizzes found
Score Distribution
Percent of People with Each Score
Percentile by Number Answered
Your Score History
You have not taken this quiz